Relativistic astrophysics (Record no. 6280)

MARC details
000 -LEADER
fixed length control field 00636nam a2200205Ia 4500
003 - CONTROL NUMBER IDENTIFIER
control field IN-BaIIA
008 - FIXED-LENGTH DATA ELEMENTS--GENERAL INFORMATION
fixed length control field 211028s9999 xx 000 0 eng d
020 ## - INTERNATIONAL STANDARD BOOK NUMBER
International Standard Book Number 0-226-97956-3
040 ## - CATALOGING SOURCE
Transcribing agency IIA Library
080 ## - UNIVERSAL DECIMAL CLASSIFICATION NUMBER
Universal Decimal Classification number 524.834
Item number ZEL-1
100 ## - MAIN ENTRY--PERSONAL NAME
Personal name Zeldovich, Ya. B.
9 (RLIN) 6800
245 #0 - TITLE STATEMENT
Title Relativistic astrophysics
Remainder of title vol. 1, stars and relativity
Statement of responsibility, etc. Ya. B. Zeldovich and I.D. Novikov.
260 ## - PUBLICATION, DISTRIBUTION, ETC.
Place of publication, distribution, etc. Chicago
Name of publisher, distributor, etc. University of Chicago Press
Date of publication, distribution, etc. 1971
300 ## - PHYSICAL DESCRIPTION
Extent xviii, 522p.
650 ## - SUBJECT ADDED ENTRY--TOPICAL TERM
Topical term or geographic name entry element Astronomy and astrophysics thesaurus
650 ## - SUBJECT ADDED ENTRY--TOPICAL TERM
Topical term or geographic name entry element Relativistic astrophysics
9 (RLIN) 6801
650 ## - SUBJECT ADDED ENTRY--TOPICAL TERM
Topical term or geographic name entry element Relativity
700 ## - ADDED ENTRY--PERSONAL NAME
Personal name Novikov, I. D.
9 (RLIN) 6803
942 ## - ADDED ENTRY ELEMENTS (KOHA)
Koha item type Books
952 ## - LOCATION AND ITEM INFORMATION (KOHA)
-- 16.00
Holdings
Withdrawn status Lost status Damaged status Not for loan Home library Current library Shelving location Date acquired Total Checkouts Full call number Barcode Date last seen Price effective from Koha item type
        IIA Library-Bangalore IIA Library-Bangalore General Stacks 30/07/1979   524.834/ ZEL-1 6997 05/11/2021 30/07/1979 Books

Powered by Koha